| 000 | 00763nam a2200193 i 4500 | ||
|---|---|---|---|
| 001 | 81926 | ||
| 003 | ES-MaACL | ||
| 005 | 20240319164031.0 | ||
| 007 | t| | ||
| 008 | 041108s1960 sp ||||1| spa d | ||
| 245 | 0 | 0 |
_aIndice de las disposiciones oficiales relacionadas con la Administración Local y más particularmente sobre Madrid _b: 1 de abril de 1939 a 31 de marzo de 1959. |
| 260 |
_aMadrid : _bArtes Gráf. Municipales, _c1960. |
||
| 300 |
_a267 p. ; _c21 cm. |
||
| 500 | _aAyuntamiento de Madrid, Secretaría General, Centro de Estudios Municipales Antonio Maura. | ||
| 710 | 1 |
_aMadrid. _bAyuntamiento _9234069 |
|
| 710 | 2 |
_aCentro de Estudios Municipales "Antonio Maura" _92660 |
|
| 852 |
_aES-MaACL _jC-17643 _bR.45453 |
||
| 999 |
_c81926 _d81926 |
||